| 000 | 00796cab a2200277 4500 | ||
|---|---|---|---|
| 001 | ABS59278 | ||
| 008 | 090401t1998 xxu||||| |||| 00| 0 eng d | ||
| 035 | _a(Sirsi) u88714 | ||
| 041 | _aeng | ||
| 100 | _aAmbrose, J. | ||
| 245 | 2 | _aA tale of two centres | |
| 260 | _c1998 | ||
| 350 | _a0 | ||
| 490 |
_aThe Valuer _v67(5) September/October 1998, 20-21(2) |
||
| 520 | _aConsiders future developments in shopping centres and looks at Brent Cross shopping centre and the Trafford Centre. | ||
| 650 | _aBRENT CROSS | ||
| 650 | _aFUTURE | ||
| 650 |
_aRefurbishment _96264 |
||
| 650 | _aSHOPPING CENTRES | ||
| 650 | _aSHOPPING MALLS | ||
| 650 | _aTRAFFORD CENTRE | ||
| 650 | _aTRENDS | ||
| 690 | _aPROPERTY-COMMERCIAL PROPERTY-RETAIL PROPERTY | ||
| 942 | _n0 | ||
| 948 | _c29/09/1998 | ||
| 999 |
_c56079 _d56079 |
||